Don Bosco y la caridad en las prisiones (Record no. 17793)

MARC details
000 -LEADER
campo de control de longitud fija 01355nam a2200289 i 4500
001 - NÚMERO DE CONTROL
campo de control 17793
003 - IDENTIFICADOR DE NÚMERO DE CONTROL
campo de control ES-MaACL
005 - FECHA Y HORA DE LA ÚLTIMA TRANSACCIÓN
campo de control 20250719062531.0
007 - CAMPO FIJO DE DESCRIPCIÓN FÍSICA--INFORMACIÓN GENERAL
campo de control de longitud fija t|
008 - DATOS DE LONGITUD FIJA--INFORMACIÓN GENERAL
campo de control de longitud fija 010528s1888 sp |||| |dspa d
080 ## - NÚMERO DE LA CLASIFICACIÓN DECIMAL UNIVERSAL
Número de la Clasificación Decimal Universal 929 Juan Bosco, Santo
100 1# - ENTRADA PRINCIPAL--NOMBRE DE PERSONA
Nombre de persona Lastres y Juiz, Francisco,
Fechas asociadas al nombre 1848-1918
9 (RLIN) 70504
245 10 - MENCIÓN DEL TÍTULO
Título Don Bosco y la caridad en las prisiones
Resto del título : conferencia pronunciada en el Ateneo de Madrid el dia 12 de marzo de 1888 /
Mención de responsabilidad, etc. por Francisco Lastres.
260 ## - PUBLICACIÓN, DISTRIBUCIÓN, ETC.
Lugar de publicación, distribución, etc. Madrid :
Nombre del editor, distribuidor, etc. [s.n.],
Fecha de publicación, distribución, etc. 1888 (
Fabricante Tip. de Manuel G. Hernández)
300 ## - DESCRIPCIÓN FÍSICA
Extensión 22 p. ;
Dimensiones 23 cm.
600 04 - PUNTO DE ACCESO ADICIONAL DE MATERIA--NOMBRE DE PERSONA
Nombre de persona Juan Bosco
Títulos y otros términos asociados al nombre Santo.
9 (RLIN) 67105
610 24 - PUNTO DE ACCESO ADICIONAL DE MATERIA--NOMBRE DE ENTIDAD CORPORATIVA
Nombre de entidad corporativa o nombre de jurisdicción como elemento de entrada Ateneo de Madrid-
Subdivisión de forma Conferencias-
Subdivisión cronológica S.XIX.
9 (RLIN) 1910
610 24 - PUNTO DE ACCESO ADICIONAL DE MATERIA--NOMBRE DE ENTIDAD CORPORATIVA
Nombre de entidad corporativa o nombre de jurisdicción como elemento de entrada Ateneo de Madrid-
Subdivisión de forma Obras digitalizadas.
9 (RLIN) 1930
710 2# - ENTRADA AGREGADA--NOMBRE DE ENTIDAD CORPORATIVA
Nombre de entidad corporativa o nombre de jurisdicción como elemento de entrada Ateneo de Madrid.
9 (RLIN) 1875
852 ## - LOCALIZACIÓN
Ubicación ES-MaACL
Número de control de estantería D-103(2)
itemnumber 18319
Sublocalización o colección R.FOLL.9/2
Ubicación en estantería Sala Valle Inclán
Signatura antigua Olim: 193-C-11
Anotaciones manuscritas Anotación manuscrita en cubierta: "Folletos penitenciarios, Tomo 11"
Encuadernación Encuadernado con otras obras formando un volumen facticio
Donativo/Legado Donación: Francisco Lastres y Juiz
852 ## - LOCALIZACIÓN
Ubicación ES-MaACL
Número de control de estantería T-466-F-1
Ubicación en estantería Depósito folletos
itemnumber 18318
856 ## - LOCALIZACIÓN Y ACCESO ELECTRÓNICOS
Identificador Uniforme de Recursos <a href="http://www.ateneodemadrid.com/biblioteca_digital/folletos/Folletos-0017.pdf">http://www.ateneodemadrid.com/biblioteca_digital/folletos/Folletos-0017.pdf</a>
Nota pública Ver documento
903 ## - NOMBRE PERSONAL DE DONANTE
a Lastres y Juiz, Francisco,
d 1848-1918
q 1
e Donante
9 70504
942 ## - ELEMENTOS DE ENTRADA SECUNDARIOS (KOHA)
Fuente del sistema de clasificación o colocación Clasificación decimal universal
Tipo de ítem Koha Folleto
Holdings
Estatus retirado Estado de pérdida Estado de daño No para préstamo Colección Biblioteca de origen Biblioteca actual Ubicación en estantería Fecha de adquisición Fuente de adquisición Total de préstamos Signatura topográfica completa Código de barras Visto por última vez Precio de reemplazo Tipo de ítem Koha Fuente del sistema de clasificación o colocación
        Colección de folletos Biblioteca del Ateneo de Madrid Biblioteca del Ateneo de Madrid Depósito folletos 17/01/2008     T-466-F-1 1018172 23/02/2023 23/02/2023 Folleto  
        Biblioteca Digital del Ateneo de Madrid Biblioteca del Ateneo de Madrid Biblioteca del Ateneo de Madrid Sala Valle Inclán 17/01/2008 Donación   D-103(2) 901018171 23/02/2023 23/02/2023 Folleto Clasificación decimal universal